Rozhoduje kvalita služieb

Ing. Ľubica Uherčíková, generálna riaditeľka Českej poisťovne Slovensko, a.s., o ponuke služieb v poisťovníctve a možnostiach ČP Slovensko v konkurencii 10 poisťovní v SR. Pomoc podnikateľom vo sfére služieb.

Gespeichert in:
Bibliographische Detailangaben
1. Verfasser: Uherčíková, Ľ.
Weitere Verfasser: Herzogová, Emília
Format: Buchkapitel
Sprache:Slowakisch
Schlagworte:
Tags: Tag hinzufügen
Keine Tags, Fügen Sie das erste Tag hinzu!

MARC

LEADER 00000naa a2200000 4500
001 r024792
005 20221213095931.2
041 0 |a slo 
044 |a SK 
245 1 0 |a Rozhoduje kvalita služieb  |c Ľ. Uherčíková, E. Herzogová 
520 |a Ing. Ľubica Uherčíková, generálna riaditeľka Českej poisťovne Slovensko, a.s., o ponuke služieb v poisťovníctve a možnostiach ČP Slovensko v konkurencii 10 poisťovní v SR. Pomoc podnikateľom vo sfére služieb. 
610 2 0 |a Slovensko 
610 2 0 |a poisťovníctvo 
610 2 0 |a Česká poisťovňa - Slovensko, a.s. Bratislava 
610 2 0 |a služby 
610 2 0 |a podnikanie 
100 1 |a Uherčíková, Ľ. 
700 1 |a Herzogová, Emília